Myxóm srdca - výskyt, symptomatológia, echokardiografická diagnostika, manažment

Bibliographic Details
Main Author: Dědič, Peter, 1953- (Author)
Format: Article
Language:Slovak
Subjects:

MARC

LEADER 00000nab a2200000 a 4500
001 vtls000878633
003 SK-MaSNL
005 20260304132238.0
008 250429c2004 xo 0 slo
015 |a SNBRB2004/07-21091 
035 |a CLN000230181 
035 |a urn:nbn:sk:snk-abss6 
035 |a (urnnbn)urn:nbn:sk:snk:ar-a05krr 
035 |a (uuid)ee5324b4-b7e0-412e-b58a-a5f5e70b1b4c 
040 |a SNKBUCL  |b slo  |c SNKBUCL  |e AACR2 
041 0 |a slo 
044 |a xo  |c SK 
080 |a 616.12-006.325:616-073.97  |2 1997 
100 1 |a Dědič, Peter,  |d 1953-  |4 aut  |9 135491 
245 1 0 |a Myxóm srdca - výskyt, symptomatológia, echokardiografická diagnostika, manažment  |c Peter Dedič 
246 1 1 |a Cardiac myxoma - occurrence, symptomatology, echocardiographic diagnosis, management 
300 |b Obr. 
504 |a Res. angl., slov. 
504 |a Bibliogr. odkazy 
650 0 7 |a myxóm  |x história  |x etiológia  |x patológia  |2 MESH  |9 1447018 
650 0 7 |a echokardiografia  |2 SNKPH  |9 2456 
650 0 7 |a nádory srdca  |x etiológia  |x patológia  |2 MESH  |9 1447019 
650 0 7 |a výkony chirurgické na srdci  |x využitie  |2 MESH  |9 1429127 
655 7 |a články z novín a časopisov  |2 snkbucl  |9 267496 
773 0 |t Kardiológia pre prax  |g Roč. 2, č. 1 (2004), s. 38-41  |x 1336-3433 
850 |a Slovenská národná knižnica 
852 |a Slovenská národná knižnica 
954 |a odborná, vedecká literatúra pôvodná (slovenská)  |2 lita 
958 |a article27 
958 |a MI 
958 |a NB 
958 |a OND 
958 |a EUIPO 
999 |c 2898607  |d 2900537